000 00384nam a22001457a 4500
020 _a914378864
050 _aTD927
_b.M434
100 _aMatson, Tim
245 _aEarth Ponds
_bThe Country Pond Maker's Guide
260 _bCamden House Publishing Ltd
_c1982
300 _a111p.
500 _aIncludes Index
650 _bWater Supply, Rural, Reservoirs, Ponds
_vBook
_xPbk
942 _cGEN
999 _c799
_d799